000 00858nam a22001337a 4500
040 _cRUA
082 _aAGR LY 2017 B630 Or.1
100 _aLY CHHOUNG MOV លី ឈួន​ ម៉ូវ
245 _ause of 4 different fungicides and biological fungicide tricoderma to control rice blast on sen pidoa ការប្រើប្រាស់ជីគីកម្ចាត់ជំងឺផ្សិត ៤ ប្រភេទនិង ថ្នាំជីសាស្រ្ត ទ្រីកូឌឺម៉ាក្នងការគ្រប់គ្រងជំងឺខ្មារអំបោះត្នោតលើពូជស្រូវសែនពិរដោរ
260 _aphnom Penh
_bRUA
_c2017
300 _axi;51p
_bill;
_c29cm
856 _uhttps://drive.google.com/file/d/1G1OkjII7uHlEwntuR15f71_d8tCTUrZv/view?usp=sharing
942 _cAGR
999 _c17918
_d17918